| 000 | 00377pab a2200133 454500 | ||
|---|---|---|---|
| 008 | 180718b xxu||||| |||| 00| 0 eng d | ||
| 100 | _aMoosa Imad A. | ||
| 245 | _aMoney, output and prices in India: some empirical tests | ||
| 362 | _a73(291), Apr 93, p.439-61 | ||
| 650 | _a :Price -- India | ||
| 650 | _aMoney -- India | ||
| 773 | _aIndian Journal of Economics | ||
| 909 | _a25660 | ||
| 999 |
_c25660 _d25660 |
||